It looks like you're offline.
Open Library logo
additional options menu

MARC record from Internet Archive

LEADER: 02008cam 2200541 a 4500
001 ocm08059305
003 OCoLC
005 20201230105020.0
008 820113t19691968nyuaf 000 0 eng c
010 $z 68016217
040 $aDXU$beng$cDXU$dWSU$dICA$dCAW$dOCLCQ$dNLGGC$dOCLCG$dOCLCQ$dDEBBG$dP4I$dOCLCQ$dOCLCO$dOCLCF$dOCLCQ$dJVQ$dJ9U$dOCLCO$dOCLCA$dVTU$dOCLCQ$dOCLCO$dOCLCQ$dOCLCO$dGILDS$dOCLCQ$dINT$dOCLCO$dOCLCA$dOCLCQ$dOCLCO$dOCLCQ$dOCLCA$dOCLCQ$dOCLCO$dYUS
019 $a252655$a848644$a3916687$a5284909
035 $a(OCoLC)8059305$z(OCoLC)252655$z(OCoLC)848644$z(OCoLC)3916687$z(OCoLC)5284909
042 $apcc
050 4 $aQD435$b.W37 1969
082 04 $a574.873$bWat-d, 1969$220
084 $a42.20$2bcl
084 $aWD 5350$2rvk
100 1 $aWatson, James D.,$d1928-
245 14 $aThe double helix :$ba personal account of the discovery of the structure of DNA /$cby James D. Watson.
260 $aNew York, N.Y. :$bNew American Library,$c[1969], ©1968.
300 $a143 pages, 16 unnumbered pages of plates :$billustrations ;$c18 cm
336 $atext$btxt$2rdacontent
337 $aunmediated$bn$2rdamedia
338 $avolume$bnc$2rdacarrier
490 1 $aSignet non-fiction ;$vQ3770
500 $a"A Signet book."
600 10 $aWatson, James D.,$d1928-
650 0 $aDNA.
650 2 $aBiochemistry$xhistory.
650 2 $aDNA.
600 17 $aWatson, James D.,$d1928-$2fast$0(OCoLC)fst00049920
650 7 $aDNA.$2fast$0(OCoLC)fst00886555
650 7 $aEntdeckung$2gnd
650 7 $aGeschichte$2gnd
650 17 $aGenetica.$2gtt
650 17 $aDNA.$2gtt
650 17 $aStructuuranalyse.$2gtt
650 17 $aOntdekkingen.$2gtt
650 07 $aDNS.$2swd
752 $aUnited States$bNew York (State)$dNew York.
830 0 $aSignet non-fiction ;$vQ3770.
029 1 $aAU@$b000001087732
029 1 $aAU@$b000045903069
029 1 $aDEBBG$bBV005808129
029 1 $aNLGGC$b142913839
994 $aZ0$bP4A
948 $hNO HOLDINGS IN P4A - 325 OTHER HOLDINGS